Oxford School Thesaurus. (Record no. 3417)
[ view plain ]
| 000 -LEADER | |
|---|---|
| fixed length control field | 00625nam a22002297a 4500 |
| 003 - CONTROL NUMBER IDENTIFIER | |
| control field | OSt |
| 005 - DATE AND TIME OF LATEST TRANSACTION | |
| control field | 20240103094611.0 |
| 008 - FIXED-LENGTH DATA ELEMENTS--GENERAL INFORMATION | |
| fixed length control field | 240103b ||||| |||| 00| 0 eng d |
| 020 ## - INTERNATIONAL STANDARD BOOK NUMBER | |
| International Standard Book Number | 9780192747112 |
| 040 ## - CATALOGING SOURCE | |
| Transcribing agency | KH8 |
| 082 ## - DEWEY DECIMAL CLASSIFICATION NUMBER | |
| Classification number | 423.12 OXF |
| 110 ## - MAIN ENTRY--CORPORATE NAME | |
| Corporate name or jurisdiction name as entry element | Oxford University Press |
| 245 ## - TITLE STATEMENT | |
| Title | Oxford School Thesaurus. |
| 260 ## - PUBLICATION, DISTRIBUTION, ETC. | |
| Place of publication, distribution, etc. | New York ; |
| Name of publisher, distributor, etc. | Oxford University Press , |
| Date of publication, distribution, etc. | 2016. |
| 300 ## - PHYSICAL DESCRIPTION | |
| Extent | xi, 580 pages : |
| Dimensions | 11 cm x 15.2 cm. |
| 650 ## - SUBJECT ADDED ENTRY--TOPICAL TERM | |
| Topical term or geographic name entry element | English dictionary |
| 650 ## - SUBJECT ADDED ENTRY--TOPICAL TERM | |
| Topical term or geographic name entry element | Vocabulary |
| 650 ## - SUBJECT ADDED ENTRY--TOPICAL TERM | |
| Topical term or geographic name entry element | Grammar |
| 650 ## - SUBJECT ADDED ENTRY--TOPICAL TERM | |
| Topical term or geographic name entry element | English skills |
| Form subdivision | Punctuation skills |
| 700 ## - ADDED ENTRY--PERSONAL NAME | |
| Personal name | Delahunty, Andrew, |
| Relator term | editor. |
| 942 ## - ADDED ENTRY ELEMENTS (KOHA) | |
| Source of classification or shelving scheme | |
| Koha item type | Teaching Resources |
| Withdrawn status | Lost status | Source of classification or shelving scheme | Damaged status | Not for loan | Collection code | Permanent Location | Current Location | Shelving location | Date acquired | Total Checkouts | Full call number | Barcode | Date due | Date last seen | Date last checked out | Price effective from | Koha item type |
|---|---|---|---|---|---|---|---|---|---|---|---|---|---|---|---|---|---|
| Teaching Resources | KH8 Senior School Library | KH8 Senior School Library | Staff Office | 2024-01-03 | 2 | 423.12 OXF | TRKHSL005122 | 2026-07-03 | 2025-08-20 | 2025-08-20 | 2024-01-03 | Teaching Resources | |||||
| Teaching Resources | KH8 Senior School Library | KH8 Senior School Library | Staff Office | 2024-01-03 | 1 | 423.12 OXF | TRKHSL005123 | 2025-07-04 | 2024-11-07 | 2024-11-07 | 2024-01-03 | Teaching Resources | |||||
| Teaching Resources | KH8 Senior School Library | KH8 Senior School Library | Staff Office | 2024-01-03 | 2 | 423.12 OXF | TRKHSL005124 | 2026-07-03 | 2025-08-20 | 2025-08-20 | 2024-01-03 | Teaching Resources | |||||
| Teaching Resources | KH8 Senior School Library | KH8 Senior School Library | Staff Office | 2024-01-03 | 2 | 423.12 OXF | TRKHSL005125 | 2026-07-03 | 2025-08-20 | 2025-08-20 | 2024-01-03 | Teaching Resources | |||||
| Teaching Resources | KH8 Senior School Library | KH8 Senior School Library | Staff Office | 2024-01-03 | 1 | 423.12 OXF | TRKHSL005126 | 2025-07-04 | 2024-11-07 | 2024-11-07 | 2024-01-03 | Teaching Resources | |||||
| Teaching Resources | KH8 Senior School Library | KH8 Senior School Library | Staff Office | 2024-01-03 | 1 | 423.12 OXF | TRKHSL005127 | 2025-07-04 | 2024-11-07 | 2024-11-07 | 2024-01-03 | Teaching Resources | |||||
| Teaching Resources | KH8 Senior School Library | KH8 Senior School Library | Staff Office | 2024-01-03 | 1 | 423.12 OXF | TRKHSL005128 | 2025-07-04 | 2024-11-07 | 2024-11-07 | 2024-01-03 | Teaching Resources | |||||
| Teaching Resources | KH8 Senior School Library | KH8 Senior School Library | Staff Office | 2024-01-03 | 1 | 423.12 OXF | TRKHSL005129 | 2025-07-04 | 2024-11-07 | 2024-11-07 | 2024-01-03 | Teaching Resources | |||||
| Teaching Resources | KH8 Senior School Library | KH8 Senior School Library | Staff Office | 2024-01-03 | 1 | 423.12 OXF | TRKHSL005130 | 2025-07-04 | 2024-11-07 | 2024-11-07 | 2024-01-03 | Teaching Resources | |||||
| Teaching Resources | KH8 Senior School Library | KH8 Senior School Library | Staff Office | 2024-01-03 | 1 | 423.12 OXF | TRKHSL005131 | 2025-07-04 | 2024-11-07 | 2024-11-07 | 2024-01-03 | Teaching Resources |